Statistics for Top 25- 2023 Basketball Last Coaches Poll

Click here to take the quiz!

General Stats

  • This quiz has been taken 5 times
  • The average score is 15 of 25

Answer Stats

HintAnswer% Correct
18Duke
100%
11Kansas
100%
2San Diego State
100%
1Uconn
100%
4Alabama
80%
5Florida Atlantic
80%
6Houston
80%
7Texas
80%
17Arizona
60%
19Baylor
60%
10Gonzaga
60%
24Indiana
60%
3Miami
60%
13Purdue
60%
16Tennessee
60%
23Virginia
60%
12Creighton
40%
9Kansas State
40%
14Marquette
40%
20Michigan State
40%
22Saint Marys
40%
25Texas am
40%
8ucla
40%
21Arkansas
20%
15Xavier
20%

Score Distribution

Percentile by Number Answered

Percent of People with Each Score

Your Score History

You have not taken this quiz